1873 1342 1832 1162 1870 1441 1834 1604 1517 1449 1211 1927 1211 1167 1635 1921 1813 1026 1303 1015 1984 1865 1204 1613 1420 1086 1696 1810 1861 1058 1392 1004 1241 1851 1220 1717 1322 1021 1049 1248 1696 1099 1347 1300 1887 1705 1336 1484 1741 1120 1200 1165 1418 1048 1822 1936 1631 1910 1945 1187 1567 1109 1602 1481 1929 1303 1439 1651 1656 1323 1996 1996 1294 1605 1114 1069 1684 1585 1773 1628 1668 1830 1400 1963 1178 1534 1545 1801 1433 1077 1197 1229 1325 1166 1880 1799 1725 1654 1107 BCNSPRNW ULIB Ver.6.0+V

เปลี่ยนเป็นภาษาไทย

Change to English
 แสดงรายละเอียดบรรณานุกรม
  กลับหน้าหลัก

Brief Record : Get Marc (ISO 2709) : E-mail record : QR code < ปิดหน้าต่าง
LEADER : 00000nam 2200000uu 4500
001    13399109898
003     ULIB
008    110418s2553||||th 000 0 tha d
020    9789746521345
060 04 WE168^bย125ค 2553
100 0  ยงยุทธ ศิริปการ
245 10 ความรู้พื้นฐานทางคลินิก การรักษาผู้ป่วยทางออร์โธปิดิกค์ =^bBasic knowledge of clinical practice in orthopedic /^cยงยุทธ ศิริปการ
246 31 Basic knowledge of clinical practice in orthopedic
250    พิมพ์ครั้งที่ 1
260    [กรุงเทพฯ] :^bคณะแพทยศาสตร์ มหาวิทยาลัยธรรมศาสตร์,^c2553
300    viii, 318 หน้า :^bภาพประกอบ ;^c26 cm
504    มีบรรณานุกรมและดัชนี
650  7 กระดูก^xศัลยกรรม
710 2  มหาวิทยาลัยธรรมศาสตร์. ^bคณะแพทยศาสตร์
945    ^p450^l0^i028618
945    ^p450^l0^i028617
945    ^p450^l0^i028619
995    ทศพร
999 ^a ใช้งานได้ทุกระบบ
รายการนี้ยังไม่มีแท็ก
คุณยังไม่ได้ล็อกอิน คุณสามารถมีกิจกรรมร่วมกับเว็บไซต์ได้ แต่ต้องล็อกอินก่อน ::
  ล็อกอิน

รายการสื่อสารสนเทศ

ลำดับที่ ประเภท เลขเรียก/บาร์โค้ด สถานที่ สถานะ
1. วิทยาศาสตร์การแพทย์ และสุขภาพ
หนังสือสำรอง
สถานะ=หนังสือสำรอง
WE168 ย125ค 2553 ฉ.1 
  Barcode: 028617
ห้องสมุดวิทยาเขตสวรรค์ประชารักษ์
►ส่วนจัดเก็บหนังสือเก่า สปร
บนชั้น
  ขอยืม
2. วิทยาศาสตร์การแพทย์ และสุขภาพ
วิทยาศาสตร์การแพทย์ และสุขภาพ
WE168 ย125ค 2553 ฉ.2 
  Barcode: 028618
ห้องสมุดวิทยาเขตสวรรค์ประชารักษ์
►ส่วนจัดเก็บหนังสือเก่า สปร
บนชั้น
  ขอยืม
3. วิทยาศาสตร์การแพทย์ และสุขภาพ
วิทยาศาสตร์การแพทย์ และสุขภาพ
WE168 ย125ค 2553 ฉ.3 
  Barcode: 028619
ห้องสมุดวิทยาเขตสวรรค์ประชารักษ์
►ส่วนจัดเก็บหนังสือเก่า สปร
บนชั้น
  ขอยืม

รายการใกล้เคียง
    ผู้แต่ง [ยงยุทธ ศิริปการ]

BibComment


ยังไม่เคยถูกคอมเมนท์

คอมเมนท์ทรัพยากรรายการนี้
  คอมเมนท์: ความรู้พื้นฐานทาง..


 Copyright 2026. Bcnsprnw @Library